Agroecología
| Corporate Author: | |
|---|---|
| Format: | Electronic Journal |
| Language: | Spanish English |
| Published: |
Murcia, [Spain] :
Facultad de Biología, Universidad de Murcia
|
| Subjects: | |
| Online Access: | Full text available from Research Library: 01/01/2013 to 12/31/2013 Full text available from PRISMA Database with HAPI Index: 01/01/2013 to 01/31/2013 Full text available from Research Library: 01/01/2017 to present |
MARC
| LEADER | 00000nas a2200000 a 4500 | ||
|---|---|---|---|
| 001 | ssj0000565988 | ||
| 003 | WaSeSS | ||
| 005 | 20200512172242.0 | ||
| 006 | m d | ||
| 007 | cr n | ||
| 008 | 110819c20069999sp a| p|s|||||| |0spa d | ||
| 022 | |a 1989-4686 |l 1887-1941 | ||
| 035 | |a (WaSeSS)ssj0000565988 | ||
| 040 | |a WaSeSS |c WaSeSS |d WaSeSS | ||
| 041 | |a spa |a eng | ||
| 050 | 4 | |a S589.7 | |
| 210 | 1 | |a Agroecología |b (Internet) | |
| 222 | 0 | |a Agroecología |b (Internet) | |
| 245 | 0 | 0 | |a Agroecología |h [electronic resource]. |
| 260 | |a Murcia, [Spain] : |b Facultad de Biología, Universidad de Murcia | ||
| 310 | |a Annual | ||
| 362 | 1 | |a Began with Vol. 1 (2006). | |
| 506 | |a License restrictions may limit access. | ||
| 546 | |a In Spanish and English. | ||
| 588 | |a Description based on: Vol. 1 (2006); title from cover (e-Revistas, viewed August 10, 2011). | ||
| 588 | |a Latest issue consulted: Vol. 4 (2009) (August 10, 2011). | ||
| 650 | 0 | |a Agricultural ecology |v Periodicals. | |
| 650 | 0 | |a Agricultural ecology |x Research |v Periodicals. | |
| 650 | 0 | |a Organic farming |v Periodicals. | |
| 650 | 0 | |a Organic farming |x Research |v Periodicals. | |
| 655 | 0 | |a Electronic journals. | |
| 710 | 2 | |a Universidad de Murcia. |b Facultad de Biología. | |
| 776 | 0 | 8 | |i Print version: |t Agroecología |x 1887-1941 |
| 856 | 4 | 0 | |z Full text available from Research Library: 01/01/2013 to 12/31/2013 |u https://search.proquest.com/publication/2035792 |
| 856 | 4 | 0 | |z Full text available from PRISMA Database with HAPI Index: 01/01/2013 to 01/31/2013 |u https://search.proquest.com/publication/2036021 |
| 856 | 4 | 0 | |z Full text available from Research Library: 01/01/2017 to present |u https://search.proquest.com/publication/2035792 |